000 00405nam a2200157Ia 4500
008 231217s9999 xx 000 0 und d
020 _a8178815133
041 _aEnglish
082 _a608.7054 NAR;1
100 _aNarasimha Rao, A V ed.
245 0 _aLaw of patents : concepts and cases
260 _c2005
_bI K International
_aNew Delhi
300 _aiv,199
650 _aLaw,patents
942 _cAA
999 _c188134
_d188134